| 000 | 00384 a2200133 4500 | ||
|---|---|---|---|
| 001 | 90913 | ||
| 082 | _aPR 1002 | ||
| 090 |
_c43047 _d43047 |
||
| 100 | _aShahab Qadir; Prof S J Raza | ||
| 245 |
_aEvalution of an Optimum phase inspection programme of F-7 A/C Using PERT/CPM _h30th 'A' EC |
||
| 260 |
_aKarachi _bNED University _c1989 |
||
| 300 | _aiv;96p | ||
| 700 | _4BE Projrct Report | ||
| 942 |
_aCAE NUST _kPR 1002 |
||
| 999 |
_c325986 _d325986 |
||